Annual Report of the 2008 fiscal year/
Gorde:
| Erakunde egilea: | |
|---|---|
| Formatua: | Liburua |
| Etiketak: |
Etiketa erantsi
Etiketarik gabe, Izan zaitez lehena erregistro honi etiketa jartzen!
|
MARC
| LEADER | 00000nam a22000007a 4500 | ||
|---|---|---|---|
| 003 | cru CIDCACS/IIS | ||
| 005 | 20191206143127.0 | ||
| 007 | ta | ||
| 008 | 191206s2009 ja ||p|r||||||0| ||eng|d | ||
| 999 | |c 42730 |d 42730 | ||
| 040 | |c cru CIDCACS/IIS | ||
| 110 | 2 | |9 4191 |a Institute of Developing Economies | |
| 245 | 1 | |a Annual Report of the 2008 fiscal year/ |c Institute of Developing Economies | |
| 773 | 0 | |0 42729 |9 4018 |d Tokio, Japón: Institute of Developing Economies |o 10849 |t Annual Report/ | |
| 942 | |2 ddc |c PP | ||
